000 00473nam a2200169Ia 4500
008 240729s9999 xx 000 0 und d
022 _a2450-6966
245 0 _aPolish Cartographical Review
260 _aPoland
260 _bSciendo
650 _a Cartography
650 _a Mathematical geography. Cartography
650 _aGeography. Anthropology. Recreation
856 _uhttps://doaj.org/toc/36b95974e252497a8f38de4623b41cf7
942 _2ddc
942 _cDOAJEJ
999 _c72908
_d72908
945 _a1
_bMadushi Gamage
_c1
_dMadushi Gamage